Contra la inflación: el azar, la oportunidad y las instituciones políticas /

Gespeichert in:
Bibliographische Detailangaben
1. Verfasser: Hamann, Javier
Weitere Verfasser: Prati, Alessandro
Format: Text
Schlagworte:
Tags: Tag hinzufügen
Keine Tags, Fügen Sie den ersten Tag hinzu!

MARC

LEADER 00000 a a2200000 04500
001 8072
003
040
100 |a Hamann, Javier  
245 |a Contra la inflación: el azar, la oportunidad y las instituciones políticas /  |c Javier Hamann 
650 |a INFLACION  
650 |a POLITICA GUBERNAMENTAL  
650 |a ANALISIS ECONOMICO  
650 |a ASPECTOS POLITICOS  
700 |a Prati, Alessandro  
773 |g volumen 40, número 2; páginas 12-15  
999 |c 24506  |d 24506